000 00442nam a2200181Ia 4500
001 25166
005 20260414151132.0
008 260414t2004||||xx |||||||||||||| ||spa||
041 _aESP
082 _a346.26
_bS19
100 _aSambrizzi, Eduardo A.
_eAUT
245 0 _aLa filiacion en la procreación asistida
_b
260 _c2004
300 _a252 pƔginas :
_c23 cm.
650 _aDER
654 _aCDE
942 _cLIB
_dJUS
_fJUS
_2ddc
_n
999 _c25166
_d25166